OPAC Home

ළදරු බෞද්ධයා (Record no. 88659)

MARC details
000 -LEADER
fixed length control field 00456nam a2200181Ia 4500
003 - CONTROL NUMBER IDENTIFIER
control field LK-CoDNM
008 - FIXED-LENGTH DATA ELEMENTS--GENERAL INFORMATION
fixed length control field 010623t1915 xxu||||| |||| 00| 1 sin d
040 ## - CATALOGING SOURCE
Original cataloging agency LK-CoDNM
Modifying agency LK-CoDNM
Description conventions LK-CoDNM
041 ## - LANGUAGE CODE
Language code of text/sound track or separate title Sinhala; Sinhalese
080 ## - UNIVERSAL DECIMAL CLASSIFICATION NUMBER
Universal Decimal Classification number 104 B 23
942 ## - ADDED ENTRY ELEMENTS (KOHA)
Koha item type Books
100 ## - MAIN ENTRY--PERSONAL NAME
Personal name De Silva,K.S.
245 ## - TITLE STATEMENT
Title ළදරු බෞද්ධයා
246 ## - VARYING FORM OF TITLE
Title proper/short title Ladaru Bauddaya
260 ## - PUBLICATION, DISTRIBUTION, ETC. (IMPRINT)
Name of publisher, distributor, etc. Subaddraloka
Place of publication, distribution, etc. Colombo
Date of publication, distribution, etc. 1915
300 ## - PHYSICAL DESCRIPTION
Other physical details 32p, 16 cm
490 ## - SERIES STATEMENT
Volume/sequential designation Vol -I : No. I-II
Holdings
Withdrawn status Lost status Damaged status Not for loan Collection code Permanent Location Current Location Date acquired Full call number Barcode Koha item type
    Damaged   Monographs Library National Museum Colombo - Sri Lanka Library National Museum Colombo - Sri Lanka 2023-08-02 104 B 23 OB750 19 Books
Copyright © 2023 Department of National Museum, Colombo 07, Sri Lanka Funded by UNESCO IFAP UNESCO